000 00982nam a22003137a 4500
001 BR2013004413
003 BR-BrBNA
005 20230928104208.0
007 ta
008 230509b bl.||||| |||| 00| 0 por d
040 _aBR-BrBNA
_bpor
_cBiblioteca Nacional de Agricultura
041 _a(Por)
072 _aE80
_b8130
090 _ 8130 BR2013004413
100 1 _aDias, M.V.
110 1 _aUniversidade Federal de Lavras, MG (Brasil)
_0Tese (Doutorado)
245 1 _aFilmes a base de quitosana incorporados com a-tocoferol e montmorilonita para aplicação em embalagens funcional e antioxidante
260 3 _aLavras, MG (Brasil):
_c2012.
300 _a173 p.
500 _aSummaries (Eng, Por); Several bibliography; 17 tables; 18 illus.
650 _aSALMÃO
650 _aBIOFILME
650 _aPOLISSACARÍDEO
650 _aEMBALAGEM
650 _aANTIOXIDANTE
650 _aTECNOLOGIA DE ALIMENTO
909 _a202309
_bLucia
_c55
_dLucia Elande
942 _cBK
999 _c78630
_d78630